<?xml version="1.0" encoding="UTF-8"?><?xml-stylesheet type="text/xsl" href="static/style.xsl"?><OAI-PMH xmlns="http://www.openarchives.org/OAI/2.0/" xmlns:xsi="http://www.w3.org/2001/XMLSchema-instance" xsi:schemaLocation="http://www.openarchives.org/OAI/2.0/ http://www.openarchives.org/OAI/2.0/OAI-PMH.xsd"><responseDate>2026-04-27T13:51:01Z</responseDate><request verb="GetRecord" identifier="oai:uvadoc.uva.es:10324/8364" metadataPrefix="marc">https://uvadoc.uva.es/oai/request</request><GetRecord><record><header><identifier>oai:uvadoc.uva.es:10324/8364</identifier><datestamp>2021-06-18T10:29:00Z</datestamp><setSpec>com_10324_38</setSpec><setSpec>col_10324_787</setSpec></header><metadata><record xmlns="http://www.loc.gov/MARC21/slim" xmlns:doc="http://www.lyncode.com/xoai" xmlns:xsi="http://www.w3.org/2001/XMLSchema-instance" xmlns:dcterms="http://purl.org/dc/terms/" xsi:schemaLocation="http://www.loc.gov/MARC21/slim http://www.loc.gov/standards/marcxml/schema/MARC21slim.xsd">
<leader>00925njm 22002777a 4500</leader>
<datafield tag="042" ind1=" " ind2=" ">
<subfield code="a">dc</subfield>
</datafield>
<datafield tag="720" ind1=" " ind2=" ">
<subfield code="a">Gómez Pérez, Susana</subfield>
<subfield code="e">author</subfield>
</datafield>
<datafield tag="260" ind1=" " ind2=" ">
<subfield code="c">2014</subfield>
</datafield>
<datafield tag="520" ind1=" " ind2=" ">
<subfield code="a">Las ciudades son “organismos vivos” en constante crecimiento y transformación y deben&#xd;
adaptarse a las nuevas condiciones sociales, culturales, económicas, políticas y&#xd;
medioambientales que en ellas se generan. A su vez son portadoras de deberes y derechos&#xd;
para con sus ciudadanos, algo que se ve mermado en muchos países en desarrollo porque la&#xd;
realidad de sus ciudades se sintetiza en un proceso de tugurización que genera exclusión,&#xd;
insalubridad y hambre debido a que sus espacios urbanos están fragmentados y son&#xd;
deficitarios.</subfield>
</datafield>
<datafield tag="024" ind2=" " ind1="8">
<subfield code="a">http://uvadoc.uva.es/handle/10324/8364</subfield>
</datafield>
<datafield ind1=" " ind2=" " tag="653">
<subfield code="a">Urbanismo - Países en vías de desarrollo</subfield>
</datafield>
<datafield tag="245" ind1="0" ind2="0">
<subfield code="a">Enfoques de Planeamiento Urbanístico: Integración verde para la población de los tugurios periurbanos en los países en desarrollo.</subfield>
</datafield>
</record></metadata></record></GetRecord></OAI-PMH>